000 01365cam a2200133 4500500
005 20251214011820.0
041 _afre
042 _adc
100 1 0 _aFeigelson, Kristian
_eauthor
245 0 0 _aLa fabrique filmique : Métiers et professions
260 _bArmand Colin,
_c2011.
520 _aEn proposant une analyse de la professionnalisation et des métiers du cinéma à partir des acquis de la sociologie interactionniste, La fabrique filmique replace l’usage du film dans sa dimension concrète. Saisir l’envers du décor permet ici d’appréhender de l’intérieur les processus de fabrication d’un film. Comment décrire ces différentes catégories de métiers de l’audiovisuel et du cinéma dans la longue durée sous l’angle de constructions professionnelles plus complexes au croisement des Politiques Publiques menées en France depuis 1936 et des évolutions actuelles du marché de l’intermittence ? À partir de nombreuses enquêtes dans différents studios (France, Europe centrale, États-Unis, Inde, Russie…), l’ouvrage propose une mise en perspective de ces marchés spécifiques du travail sous l’angle de la globalisation pour mieux comprendre l’histoire anonyme de ceux qui ont fabriqué le cinéma.
856 4 1 _uhttps://shs.cairn.info/la-fabrique-filmique--9782200249113?lang=fr&redirect-ssocas=7080
999 _c1569768
_d1569768